Open Data Biblioteca Nacional de Portugal


República Portuguesa: Ministério da Cultura
Biblioteca Nacional de Portugal

Catálogo da BNP: acesso por Identificadores Unívocos
Registos Bibliográficos associados ao registo de autoridade

Etiqueta de registo: 00000nam 2200025 450
001 2283517
003 http://id.bnportugal.gov.pt/bib/catbnp/2283517
100 ## $a20260402d2025 k y0pory01030103ba
101 0# $aeng$dpor
102 ## $aPT
105 ## $aa m 000yy
106 ## $ar
200 1# $aMechanically reinforced poly(ethylene glycol) hydrogels for application as biostable small-diameter vascular grafts$fHelena Paiva Ferreira$gorient. Inês de Castro Gonçalves de Almada Lobo, Lorenzo Moroni, Helga Bergmeister
210 #9 $aPorto$c[s.n.],$d2025
215 ## $aXXVI, 215 p.$cil.$d30 cm
328 #1 $aTese dout. Biotecnologia Molecular e Celular Aplicada às Ciências da Saúde, Instituto de Ciências Biomédicas de Abel Salazar, Universidade do Porto, 2025
700 #1 $aFerreira,$bHelena Paiva$31994601
702 #1 $aLobo,$bInês de Castro Gonçalves Almada,$f1981-$4727$31445293
702 #1 $aMoroni,$bLorenzo$4727$31739931
702 #1 $aBergmeister,$bHelga$4727$31793061
801 #0 $aPT$bBN$gRPC
966 ## $lBN$mFGMON$x1
971 ## $corlando$d20260402

OpendataBNP@bnportugal.pt | Mais informação sobre acesso aos dados BNP